Central Library OPAC University of Rajshahi

Independent Iraq, 1932-1958 : (Record no. 27194)

MARC details
000 -LEADER
fixed length control field 00802nam a22002651 4500
001 - CONTROL NUMBER
control field 27194
003 - CONTROL NUMBER IDENTIFIER
rucl marc code BD-RjUL
005 - DATE AND TIME OF LATEST TRANSACTION
control field 20211209051126.0
008 - FIXED-LENGTH DATA ELEMENTS--GENERAL INFORMATION
fixed length control field 140324s1960 enkb 001 0 eng
035 ## - SYSTEM CONTROL NUMBER
System control number (BD-RjUL)27266
System control number (OCoLC)399043
040 ## - CATALOGING SOURCE
Original cataloging agency DLC
Transcribing agency ODaWU
Modifying agency OCoLC
-- Uk
-- DLC
-- BD-RjUL
Language of cataloging eng
041 ## - LANGUAGE CODE
Language code of text/sound track or separate title eng
082 ## - DEWEY DECIMAL CLASSIFICATION NUMBER
Classification number 956.7
Author mark and year KHI 1960
100 1# - MAIN ENTRY--PERSONAL NAME
Personal name Khadduri, Majid,
Dates associated with a name 1908-
9 (RLIN) 15520
245 10 - TITLE STATEMENT
Title Independent Iraq, 1932-1958 :
Remainder of title a study in Iraqi politics /
Statement of responsibility, etc. Majid Khadduri.
250 ## - EDITION STATEMENT
Edition statement 2d ed.
260 ## - PUBLICATION, DISTRIBUTION, ETC. (IMPRINT)
Place of publication, distribution, etc. London ;
-- New York :
Name of publisher, distributor, etc. Oxford University Press,
Date of publication, distribution, etc. c1960.
300 ## - PHYSICAL DESCRIPTION
Pagination vii, 388 p. :
Illustrations ill., fold. map. ;
Size 23 cm.
504 ## - BIBLIOGRAPHY, ETC. NOTE
Bibliography, etc Includes index.
651 #0 - SUBJECT ADDED ENTRY--GEOGRAPHIC NAME
Geographic name Iraq
General subdivision Politics and government.
9 (RLIN) 82790
942 ## - ADDED ENTRY ELEMENTS (KOHA)
Source of classification or shelving scheme Dewey Decimal Classification
Koha item type Books
Holdings
Lost status Source of classification or shelving scheme Damaged status Not for loan Collection code Permanent Location Current Location Shelving location Date acquired Source of acquisition Cost, normal purchase price Total Checkouts Full call number Date last seen Copy number Koha item type
  Dewey Decimal Classification     Non-fiction Central Library, University of Rajshahi Central Library, University of Rajshahi   21/08/1973 Nowroze Kitabitan 66.00   956.7 KHI 1960 24/03/2014 C-3 Books
  Dewey Decimal Classification     Non-fiction Central Library, University of Rajshahi Central Library, University of Rajshahi   27/10/1965 Ideal library 40.50   956.7 KHI 1960 01/12/2016 C-2 Books